Statistics for European Countries Belonging to the Germanic Language Family

Click here to take the quiz!

General Stats

  • This quiz has been taken 145 times
  • The average score is 12 of 13

Answer Stats

Answer% Correct
Sweden
98%
Austria
97%
Norway
97%
Germany
96%
Belgium
95%
Denmark
95%
Netherlands
95%
Switzerland
95%
United Kingdom
91%
Luxembourg
88%
Iceland
86%
Liechtenstein
85%
Ireland
82%

Score Distribution

Percentile by Number Answered

Percent of People with Each Score

Your Score History

You have not taken this quiz